Statistics for Travel Around the World (City Name Word Chain)

Click here to take the quiz!

General Stats

  • This quiz has been taken 2,719 times
  • The average score is 9 of 18

Answer Stats

Origin CityFlightDestination CityDestination Location% Correct
TokyoJapan Airlines flight 177TokyoEastern Asia
97%
AmsterdamLufthansa Cityline flight 2309AmsterdamWestern Europe
84%
OsakaKLM Royal Dutch Airlines flight 868OsakaWestern Europe
83%
MunichAirBerlin flight 6310MunichWestern Europe
79%
HamburgGermanwings flight 7744HamburgWestern Europe
73%
LondonBritish Airways flight 115LondonNorth America
51%
GenevaEtihad Airways flight 54GenevaMiddle East
49%
New York City
49%
Abu DhabiEtihad Airways flight 233Abu DhabiSouthern Asia
47%
Los AngelesThai Airways International flight 693Los AngelesEastern Asia
43%
IstanbulTurkish Airlines flight 9IstanbulNorth America
41%
SeoulKorean Air flight 907SeoulWestern Europe
41%
DohaQatar Airways flight 1427DohaEastern Africa
40%
IslamabadQatar Airways flight 615IslamabadMiddle East
40%
Addis AbabaEthiopian Airlines flight 921Addis AbabaWestern Africa
38%
AccraEgyptAir flight 883AccraWestern Africa
33%
NairobiTurkish Airlines flight 608NairobiMiddle East/Southeastern Europe
30%
AbidjanKenya Airways flight 521AbidjanEastern Africa
25%

Score Distribution

Percentile by Number Answered

Percent of People with Each Score

Your Score History

You have not taken this quiz